00430nam a2200169 a 450000100060000000300090000600800410001502000150005604000280007108200180009910000280011724500260014526000310017130000110020249000200021365000270023319883CO-ViMGA141112s2004 ck r 000 u spa d a9682444276 aCO-ViMGAbspacCO-ViMGA04a657.837 L824c1 aLuckie García, Miguel10aContabilidad hotelera aMexico : bTrillas, c1999 a130 p. aTrillas turismo14aHOTELES - CONTABILIDAD